A college of information technology project on the requirements analysis and development of a training management and dorm system of Eureka! Innovations and Technical Solutions Philippines, Inc. Kaizen Research Journal College of Information Technology, 1 (Record no. 298011)
[ view plain ]
| 000 -LEADER | |
|---|---|
| fixed length control field | 00669nam a2200097Ia 4500 |
| 008 - FIXED-LENGTH DATA ELEMENTS--GENERAL INFORMATION | |
| fixed length control field | 160725s9999 xx 000 0 und d |
| 100 ## - MAIN ENTRY--PERSONAL NAME | |
| Personal name | Abanil, Maria Carolina C., Adamos, Lisandro A., Diñoso, Rommel B., Ducut, Fulgencio D., Ignacio, Aris. E. & Mendoza, Rodel C. (2014, January). |
| 245 #2 - TITLE STATEMENT | |
| Title | A college of information technology project on the requirements analysis and development of a training management and dorm system of Eureka! Innovations and Technical Solutions Philippines, Inc. Kaizen Research Journal College of Information Technology, 1 |
| 260 ## - PUBLICATION, DISTRIBUTION, ETC. (IMPRINT) | |
| Name of publisher, distributor, etc | Kaizen Research Journal College of Information Technology |
| Date of publication, distribution, etc | January 2014 |
| 650 ## - SUBJECT ADDED ENTRY--TOPICAL TERM | |
| Topical term or geographic name as entry element | INFORMATION TECHNOLOGY |
No items available.